000 00991cam a2200229 4500
001 WB3820-18
008 020529n2002 000 0 eng u
035 _a(Sirsi) u118209
245 _aDTLR publishes new leasehold leaflets
260 _c2002
490 _aRICS Residential Faculty News
_v 23 May 2002 (1)
520 _aThe DTLR has published three leaflets advising leaseholders on security of tenure, right of first refusal and rights and responsibilities for long leaseholders. Deals with the law as it stands in May 2002. The Commonhold and Leasehold Reform Act 2002 is not referred to as not yet in force. The leaflets can be accessed at http://www.rics.org/ricscms/bin/show?class=News&template=/includes/shownews.html&id=2599
590 _aWB
650 _aLEASEHOLD ENFRANCHISEMENT
650 _aLEASE EXTENSION
650 _aDTLR
650 _aSECURITY OF TENURE
650 _aLEASEHOLDERS
650 _aADVICE
690 _aLANDLORD AND TENANT-LEASES
942 _n0
999 _c70390
_d70390